| 000 | 00671nam a2200217 i 4500 | ||
|---|---|---|---|
| 001 | 78624 | ||
| 003 | ES-MaACL | ||
| 005 | 20250815050733.0 | ||
| 007 | t| | ||
| 008 | 041015s1976 sp ||||1| spa d | ||
| 100 | 1 |
_aHale, J. R. _961530 |
|
| 245 | 1 | 3 |
_aLa Europa del Renacimiento _b: 1480-1520 / _cJ.R. Hale ; [traductor, Ramón Cotarelo]. |
| 250 | _a[2ª ed.]. | ||
| 260 |
_a[Madrid] : _bSiglo Veintiuno, _c[1976] |
||
| 300 |
_a409 p. ; _c18 cm. |
||
| 490 | 1 | _aHistoria de Europa | |
| 700 | 1 |
_aCotarelo, Ramón, _d1943- _941166 |
|
| 830 | 0 | 0 |
_aHistoria de Europa (Siglo XXI) _9182613 |
| 852 |
_aES-MaACL _jA-6408 _bR.95383 |
||
| 999 |
_c78624 _d78624 |
||